| 000 | 00787nam a22002537a 4500 | ||
|---|---|---|---|
| 003 | OSt | ||
| 005 | 20230118150634.0 | ||
| 008 | 221006b |||||||| |||| 00| 0 eng d | ||
| 020 | _a978 99939 0 505 9 | ||
| 040 | _cBiblioteca Lado V | ||
| 082 |
_a864 _bV468e |
||
| 100 |
_eautor _9576 _aVentura Puac-Coyoy, Diego |
||
| 245 |
_aEnsayos espacio | Viento Fuerte/ _bPensares/ |
||
| 260 |
_bSION EDITORIAL _aGuatemala _c2022 |
||
| 300 |
_c14x20cm _a60p. |
||
| 490 | _vtomo 1 | ||
| 650 |
_2Tesauro de Arte & Arquitectura _aENSAYOS |
||
| 650 |
_2Tesauro de Arte & Arquitectura _aGUATEMALA |
||
| 700 |
_aAguilar, Jose _eautor |
||
| 700 |
_aMorales, Luis _eautor |
||
| 700 |
_aJuracan, Maya _eautor |
||
| 700 |
_aChavez, Rosa _eautor |
||
| 942 |
_2ddc _c1 _h864 _iV468e _n0 |
||
| 999 |
_c2832 _d2832 |
||